00322pab a2200121 454500008004000000100003000040245005700070260000900127300001300136362000800149650001400157773002900171180718b2001 xxu||||| |||| 00| 0 eng d aSalemi, Michael K. et al. aResearch in economic education: five new initiatives c2001 ap.440-45 aMay aEconomics aAmerican Economic Review